000 00718nam a2200253Ia 4500
003 OSt
005 20220928125145.0
006 a|||||r|||| 00| 0
007 ta
008 220927b |||||||| |||| 00| 0 eng d
020 _cUSD 145.00
024 _a143729
037 _b46, 28/02/2020, Shivam Book Service
_cTextual
040 _aSDCL
_cSDCL
_beng
041 _2eng
_aeng
082 _aS1, Q7
100 _aYuan Jean Ed.
_9468380
245 0 _aChild psychology
260 _aNew York
_b Magnum Publishing
_c2017
300 _axvii,308p.
_ccm.
650 _aApplied Psychology
942 _hS1, Q7
_cTEXL
_2CC
999 _c781215
_d781215